musicals - Statistics

General Stats
  • This quiz has been taken 58 times
    54 since last reset
  • The average score is 16 of 79
Answer Stats
Hint Answer % Correct
77 hamilton
86%
24 chicago
65%
74 wicked
65%
2 les miserables
54%
19 cats
51%
3 lion king
51%
75 mamma mia
49%
53 frozen
43%
14 mean girls
43%
55 grease
41%
59 little shop of horrors
41%
70 cabaret
38%
8 hadestown
38%
21 hairspray
38%
1 phantom of the opera
38%
15 rent
38%
71 six
38%
66 dear evan hansen
35%
72 matilda
35%
12 aladdin
32%
57 in the heights
32%
22 legally blonde
32%
25 evita
30%
69 moulin rouge
30%
47 beetlejuice
27%
23 kinky boots
27%
29 mary poppins
27%
65 waitress
27%
4 the book of mormon
24%
46 be more chill
22%
20 guys and dolls
22%
7 oliver
22%
52 cinderella
19%
73 great gatsby
19%
42 newsies
19%
48 billy elliot
16%
33 fiddler on the roof
16%
28 jersey boys
16%
30 oklahoma
16%
38 shrek
16%
5 starlight express
16%
6 back to the future
14%
43 gypsy
14%
45 & juliet
14%
34 next to normal
14%
49 bonnie and clyde
11%
56 school of rock
11%
35 the king and i
11%
37 we will rock you
11%
13 charlie and the chocolate factory
8%
26 sunset boulevard
8%
44 9 to 5
5%
40 anything goes
5%
67 burlesque
5%
51 bye bye birdie
5%
32 chitty chitty bang bang
5%
27 clueless
5%
63 dirty dancing
5%
54 footloose
5%
76 MJ
5%
61 operation mincemeat
5%
79 prince of egypt
5%
39 sister act
5%
9 tina
5%
11 bat out of hell
3%
50 bring it on
3%
17 devil wears prada
3%
41 elf
3%
31 ghost
3%
60 mrs doubtfire
3%
62 pretty woman
3%
36 rocky horror show
3%
64 shucked
3%
78 the choir of man
3%
10 the curious case of benjamin button
3%
68 titanique
3%
16 why am i so single
3%
58 jekyll and hyde
0%
18 priscilla queen of the desert
0%
No matching quizzes found
Score Distribution
Percent of People with Each Score
Percentile by Number Answered
Your Score History
You have not taken this quiz since the last reset